| 000 | 00454nam a2200193Ia 4500 | ||
|---|---|---|---|
| 008 | 210210b1966 xxu||||| |||| 00| 0 eng d | ||
| 041 | _aeng | ||
| 082 | _a940/53 | ||
| 100 | _aDAYAL (R) | ||
| 245 | _aTextbook of modern European history | ||
| 260 |
_aBombay _bAsia Publishing House _c1966 |
||
| 650 | _aTextbook | ||
| 650 | _aof | ||
| 650 | _amodern | ||
| 650 | _ahistory | ||
| 650 | _aEuropean | ||
| 690 | _aEuropean History | ||
| 906 | _a025123 | ||
| 999 |
_c150972 _d150972 |
||